Le vin de A à Z - Statistiques

Statistiques générales
  • Ce quiz a été pris 474 fois
  • Le résultat moyen est 12 sur 26
Statistiques - réponses
Lettre Question Réponse % Correct
B On y cultive le pinot noir, le pinot gris et le chardonnay. Bourgogne
90%
K Apéritif à base de crème de cassis et de vin blanc bourgogne aligoté. Kir
83%
O La science du vin. Oenologie
81%
A Région viticole française. Alsace
73%
F Elle peut être alcoolique ou malolactique. Fermentation
69%
J Flacon qui peut contenir quatre bouteilles de 75 Cl, soit trois litres. Jéroboam
67%
H C'est le pays du tokaji. Hongrie
66%
L Se dit d'un vin blanc riche en sucre, obtenu à partir de raisins sur lesquels s'est développée la pourriture noble. Liquoreux
66%
T Substance astringente provenant du bois de la barrique ou des rafles de raisin, qui influe sur le potentiel de vieillissement du vin. Tannin
66%
U Le tannat est le cépage emblématique de ce pays. Uruguay
58%
M Maladie de la vigne causée par des parasites microscopiques qui attaquent les feuilles. Mildiou
55%
R C'est le rapport entre le volume produit par la récolte d'un vignoble et sa surface cultivée. Rendement
50%
Y Célèbre château du Bordelais. Yquem
47%
D De nombreux vins portugais sont issus des coteaux de ce fleuve. Douro
42%
E Action consistant à séparer les grains de raisin de la rafle avant la vinification. Eraflage | Egrappage
41%
G Une appellation de la région de Bordeaux. Graves
41%
X Appellation andalouse. Xérès
41%
S L'un des dix crus du Beaujolais. Saint-Amour
34%
N Période de fécondation des fleurs et de formation des baies de raisin. Nouaison
27%
I Une appellation du sud-ouest. Irouléguy
26%
V Nom scientifique de la vigne. Vitis vinifera
23%
P Un vin de Corse. Patrimonio
22%
Q Un vignoble de la vallée de la Loire. Quincy
22%
Z C'est un cépage très présent en Californie. Zinfandel
22%
C Un vin de Savoie. Chignin-Bergeron
12%
W Vignoble allemand. Würtenberg
1%
Aucun quiz correspondant
Distribution des résultats
% des personnes avec chaque résultat
Percentile par nombre de réponses
Votre historique - résultats
Vous n’avez pas pris ce quiz